• 首页
  • 本馆介绍
  • 公告通知
  • 最新文献
  • 馆藏检索
  • 电子资源
  • 读者导购
  • 参考咨询
  • 我的图书馆
  • 登录
  • 详细信息显示
  • 放入我的书架
  • 预约/预借图书
  • 作者相关作品
  • 分类相关作品
  • 丛书相关作品
  • 出版社相关作品

书目信息

  • 表格格式
  • 工作单格式
  • 卡片格式
书名: Betraying the national interest
作者: Francis Moore Lappé, Rachel Schurman, Kevin Danaher.
分册号:
分册名:
出版地: New York :
 
出版社: Grove Press
出版时间: 1987.
页数: xi, 180 p. ;
开本: 23 cm.
丛书名:
中图分类号:
科图分类号:
其他分类号: F114.44
主题词:
电子资源:
000 00850nam 22000277i 450
001 0202001574
005 20070421104136.89
008 870505m1987 u y b 001 0
020    @a0802100120.
020    @a0802130275 (pbk.) :@cD.
041    @aeng
050    @aHC60@b.L325 1987
082 04 @a338.91@219
090    @aF114.44
090    @aF114.44
099    @dF114.44@ex14
100 1  @aLappé@cFrances Moore.
245 10 @aBetraying the national interest / @cFrancis Moore Lappé, Rachel Schurman, Kevin Danaher.
250    @a1st ed.
260 1  @aNew York :@bGrove Press,@c1987.
300    @axi, 180 p. ;@c23 cm.
500    @a"A Food first book."
504    @aIncludes bibliographical references and index.
650  4 @aEconomic assistance@zDeveloping countries.
700 1  @aSchurman@cRachel.
700 1  @aDanaher@cKevin.@d1950-
    
    Betraying the national interest / / Francis Moore Lappé, Rachel Schurman, Kevin Danaher.-1st ed.-New York : : Grove Press, , 1987.
    xi, 180 p. ; ; 23 cm.
    "A Food first book." .-Includes bibliographical references and index.
    
    ISBN 0802100120.
    
●
相关链接 在E读中查询图书 在五车中查询图书 在当当中查询图书 在豆瓣中查询图书


正题名:Betraying the national interest     索取号:F114.44/x14         预约/预借

序号 登录号 条形码 馆藏地/架位号 状态 备注
1 004274   300042745   第二样本阅览室/ [索取号:F114.44/x14] 在馆    
唐山师范学院图书馆 欢迎您!
大连网信软件有限公司© 版权所有